01343nam a2200325 i 4500001000700000003000900007005001700016007000300033008004100036016003100077017005000108020001500158035002000173035002700193035002300220040002900243080003100272080002600303245009500329260010600424300006500530336002200595337003000617338002400647504003100671600004900702651006800751710008800819852011000907197622ES-MaACL20250805062652.0ta000726s2000 sp | ||| ||spa 7 abimoBNE200015940652SpMaBN aM 18498-2000bOficina Depósito Legal Madrid a8495146339 a(OCoLC)44108599 a(SpMaBN)Mimo0001576872 a991057861929708606 aSpMaBNbspacSpMaBNerdc a929 Carlos (460) I (064.3) a946.0"1516/56"(064.3)00aCarlos V, las armas y las letras : bHospital Real, Granada, 14 de abril-25 de junio, 2000 a[Madrid]bSociedad Estatal para la Conmemoración de los Centenarios de Felipe II y Carlos Vc[2000] a562 páginasbilustraciones a color y blanco y negroc29 cm 2rdacontentatexto 2rdamediaasin mediación 2rdacarrieravolumen aBibliografía: p. 533-56204aCarlos bI, cRey de España-vExposiciones 4aEspaña-xHistoria-y1516-1556, Carlos I-vExposiciones2embne2 aSociedad Estatal para la Conmemoración de los Centenarios de Felipe II y Carlos V aES-MaACLcDEPO1jA-15710hDonación: Fernando Codina RodríguezxEncuadernación rústica con solapas